Law Commission proposes sweeping tenancy changes (Record no. 70171)

MARC details
000 -LEADER
fixed length control field 01233cam a2200217 4500
001 - CONTROL NUMBER
control field ABS65414
008 - FIXED-LENGTH DATA ELEMENTS--GENERAL INFORMATION
fixed length control field 020507n2002 000 0 eng u
035 ## - SYSTEM CONTROL NUMBER
System control number (Sirsi) u117844
100 ## - MAIN ENTRY--PERSONAL NAME
Personal name Evans, R
245 ## - TITLE STATEMENT
Title Law Commission proposes sweeping tenancy changes
260 ## - PUBLICATION, DISTRIBUTION, ETC.
Date of publication, distribution, etc. 2002
490 ## - SERIES STATEMENT
Series statement Inside Housing
Volume/sequential designation 12 April 2002, 11(1)
520 ## - SUMMARY, ETC.
Summary, etc. Analyses recent publication of Law Commission's first consultation paper on housing tenure. Key recommendations are creation of simpler, more flexible framework; two types of tenancy agreement, one long-term, one short-term; written, detailed tenancy agreements; number of widely available model agreements; more consumer-based approach to housing law; social landlords to have no mandatory powers of possession (under long-term tenancy agreements) and duties on both tenants and landlords over anti-social behaviour. Second consultation paper due summer 2002, and final report due summer 2003, to include draft parliamentary bill.
590 ## - LOCAL NOTE (RLIN)
Local note ABS
650 ## - SUBJECT ADDED ENTRY--TOPICAL TERM
Topical term or geographic name entry element HOUSING TENURE
650 ## - SUBJECT ADDED ENTRY--TOPICAL TERM
Topical term or geographic name entry element TENANCIES
650 ## - SUBJECT ADDED ENTRY--TOPICAL TERM
Topical term or geographic name entry element LAW COMMISSION
650 ## - SUBJECT ADDED ENTRY--TOPICAL TERM
Topical term or geographic name entry element SOCIAL LANDLORDS
690 ## - LOCAL SUBJECT ADDED ENTRY--TOPICAL TERM (OCLC, RLIN)
Topical term or geographic name as entry element PROPERTY-RESIDENTIAL PROPERTY-RESIDENTIAL LANDLORD AND TENANT-RESIDENTIAL TENANCIES
942 ## - ADDED ENTRY ELEMENTS (KOHA)
Suppress in OPAC 0
Holdings
Withdrawn status Lost status Source of classification or shelving scheme Damaged status Not for loan Home library Current library Shelving location Date acquired Total Checkouts Full call number Barcode Date last seen Copy number Price effective from Koha item type
    Dewey Decimal Classification     London London Journal article 07/05/2002   ABS65414 117844-1001 06/08/2019 1 06/08/2019 Journal article